|
|
|
|
| LEADER |
00000nam a2200000 a 4500 |
| 001 |
vtls008357577 |
| 003 |
SK-MaSNL |
| 005 |
20260301220451.0 |
| 008 |
230403s1969 xo slo |
| 015 |
|
|
|a SNBA1969/03-00451
|
| 035 |
|
|
|a SK01SNK19690049794
|
| 035 |
|
|
|a urn:nbn:sk:snk-amydb6
|
| 035 |
|
|
|a urn:nbn:sk:snk-am00cgjm
|
| 035 |
|
|
|a 9BA73283-3F8A-4785-8A88-0FEDD04C973F
|
| 035 |
|
|
|a SKM000052257
|
| 040 |
|
|
|a SNK
|b slo
|c SNK
|e AACR2
|
| 041 |
0 |
|
|a slo
|
| 044 |
|
|
|a xo
|
| 072 |
|
7 |
|a 658
|x Riadenie a správa podniku
|2 konspekt
|
| 080 |
|
|
|a 658.7-057.188
|2 2011
|
| 080 |
|
|
|a 339
|2 2011
|
| 080 |
|
|
|a (035)
|2 2011
|
| 100 |
1 |
|
|a Janeček, Milan,
|d 1923-1997
|4 aut
|9 42009
|
| 245 |
1 |
0 |
|a Obchodné (dodávateľsko-odberateľské) vzťahy v novej sústave riadenia
|c autori: Milan Janeček, Ladislav Rendoš
|
| 260 |
|
|
|a Bratislava
|b Práca
|c 1969
|e Trnava
|f Polygrafické závody
|
| 300 |
|
|
|a 158, [2] s.
|c 8°
|
| 490 |
1 |
|
|a Malá knižnica ekonomiky
|v zv. 1/1969
|
| 500 |
|
|
|a Pozn. Odkazy na lit. Tb. Schémy. Slovníček. Rozlož. tit. list
|
| 563 |
|
|
|a 3000 výtl.
|
| 650 |
0 |
7 |
|a dodávateľsko-odberateľské vzťahy
|2 SNKPH
|9 28656
|
| 650 |
0 |
7 |
|a Supplier´s relationship
|2 SNKPHeng
|9 351159
|
| 650 |
0 |
7 |
|a obchod
|2 SNKPH
|9 2198
|
| 650 |
0 |
7 |
|a Trade
|2 SNKPHeng
|9 266765
|
| 655 |
|
7 |
|a príručky
|2 SNKPH
|9 74364
|
| 655 |
|
7 |
|a Handbooks, manuals, etc.
|2 SNKPHeng
|9 90964
|
| 700 |
1 |
|
|a Rendoš, Ladislav,
|d 1924-1992
|4 aut
|9 151265
|
| 830 |
|
0 |
|a Malá knižnica ekonomiky
|9 344528
|
| 852 |
|
|
|a Slovenská národná knižnica
|
| 954 |
|
|
|a odborná, vedecká literatúra pôvodná (slovenská)
|2 lita
|
| 958 |
|
|
|a OND
|
| 958 |
|
|
|a TL
|
| 958 |
|
|
|a NB
|
| 958 |
|
|
|a RK
|
| 958 |
|
|
|a EUIPO
|
| 999 |
|
|
|c 931920
|d 933850
|
| 952 |
|
|
|a SNK
|b SNK
|y VYP
|7 0
|p 17A0597392
|o snkSD 34702 D1
|i snkKSF 2892/69
|8 5
|0 0
|1 0
|4 0
|d 2008-09-04
|l 0
|r 2026-02-24 08:52:03
|w 2026-02-24
|
| 952 |
|
|
|a SNK
|b SNK
|y PREZ
|7 0
|p 17A0863365
|o snkSD 34702
|0 0
|1 0
|4 0
|d 2013-08-09
|f 1
|l 0
|r 2026-02-24 08:52:04
|w 2026-02-24
|